000 00431nam a22001697a 4500
005 20180809143835.0
008 160514b xxu||||| |||| 00| 0 eng d
020 _a0-07-058514-8
041 _aeng
082 _b2167
_a658.3
100 _aJohn, M. and Ivan, cevich
_94736
245 _aHuman Resource Management
260 _aNew Delhi
_bTata McGraw Hill Ltd.
_c2003
300 _a595p,
650 _aManagement
_9241
942 _cBK
999 _c803
_d803